000 00261nam a22001217a 4500
999 _c13374
_d13374
020 _a9789694075297
082 _a310
100 _aWaheed, Abdul
245 _aStatistical Analysis
260 _aKarachi
_bRoyal Book Company
_c2022
300 _a296
942 _cBK